000 00796nam a22001937a 4500
999 _c371142
_d371142
008 201127b ||||| |||| 00| 0 eng d
040 _aDE-2950
_bger
_cDE-2950
_erda
041 _ager
100 _aWeber-Rath, Ines:
245 _aAnonyme Helfer hören verzweifelten Menschen zu.
_bSoziales: Personen, die sich einsam, krank, traurig oder überfordert fühlen, nutzen die Kirchliche Telefonseelsorge gern. Die gibt es in Frankfurt seit 25 Jahren /
_cInes Weber-Rath
264 _c2021
653 _aFrankfurt (Oder)
653 _aTelefonseelsorge
773 _dFrankfurt (Oder) Märkisches Verlags- und Druckhaus GmbH & Co KG
_tMärkische Oderzeitung
_g32. Jahrgang (2021) Nr. 282 vom 02.12.2021, S. 13
942 _cA